Transfery - lato 2023 - Statystyki

Ogólne statystyki
  • Ten quiz został rozwiązany 84 razy
  • Średni wynik to 12 z 18
Statystyki odpowiedzi
Klub 1 Klub 2 Piłkarz % Poprawnych
Borussia Dortmund Real Madryt Jude Bellingham
94%
Real Madryt Al-Ittihad Karim Benzema
85%
PSG Inter Miami Leo Messi
84%
West Ham Arsenal Declan Rice
82%
Inter Mediolan Al-Nassr Marcelo Brozović
82%
Manchester City FC Barcelona Ilkay Gundogan
78%
Fenerbahçe Real Madryt Arda Guler
76%
RB Lipsk Chelsea Christopher Nkunku
73%
Inter Mediolan Manchester United Andre Onana
72%
Napoli Bayern Kim Min-jae
70%
RB Lipsk Liverpool FC Dominik Szoboszlai
69%
Brighton Liverpool FC Alexis Mac Allister
67%
Juventus Benfica Angel Di Maria
66%
Chelsea Manchester City Mateo Kovacić
60%
Borussia Dortmund Bayern Raphael Guerreiro
52%
Juventus Inter Mediolan Juan Cuadrado
49%
Bayern Borussia Dortmund Marcel Sabitzer
43%
Chelsea Arsenal Kai Haverz
18%
Nie znaleziono quizów pasujących do podanych kryteriów
Rozkład punktacji
Procent ludzi z każdym wynikiem
Percentyl według liczby udzielonych odpowiedzi
Twoja historia wyników
Nie rozwiązałeś tego quizu